01291cam a2200325 i 450000100090000000300090000900500170001800800410003502000430007604000380011908200170015724501910017426400630036526400100042830000450043833600260048333700280050933800270053750400520056465000300061665100100064665300250065665500240068170000300070570000400073570000270077594200120080299900170081495201340083115289537EG-ScBUE20241003130300.0080505t2008 njua f b 001 0 eng d a9780691118802 (hardcover : alk. paper) aDLCbengerdacDLCdDLCdEG-ScBUE04a510222bPRI04aThe Princeton companion to mathematics /ceditor Timothy Gowers, University of Cambridge ; associate editors, June Barrow-Green, The Open University Imre Leader, University of Cambridge. 1aPrinceton ;aOxford :bPrinceton University Press,c[2008] 4cc2008 axx, 1034 pages :billustrations ;c26 cm 2rdacontentatextbtxt aunmediated2rdamediabn avolumebnc2rdacarrier aIncludes bibliographical references and index.  7aMathematics.2BUEsh92018 2BUEsh bENGGENcNovember2015 vReading book9342321 aGowers, Timothy,eeditor.1 aBarrow-Green, June,d1953-eeditor.1 aLeader, Imre,eeditor. 2ddccBB c21066d21038 00102ddc40708BaccahaMAINbMAINc0THd2015-11-19ePurchasel0o510 PRIp000031350r2025-07-15 00:00:00w2015-11-19yREFERENCE